00719nam a2200229Ia 4500003000900000008004100009040001300050040001300063041000800076100001900084245005400103250002200157260002100179260000900200300001100209300001000220490003100230490000600261942000700267999001700274952019800291IT-RoPAU120407s9999 xx 000 0 und d aIT-RoPAU cIT-RoPAU aita aEvode Beaucamp aI profeti d’Israele o il dramma di una alleanza aCinisello Balsamo aEdizioni Paoline c1988 a308 p. c21 cm aFame e sete della Parola,3 v1 cBK c32135d32135 00102ddc406222_20300000000000071aPAULUSbPAULUSd2012-04-11l0o222.203r2012-04-11 00:00:00w2012-04-11yBKzInserito da: Carla In data: 24 ottobre 2011 fondo: Via A.Severo 56 Progr:11273